Avances en el tratamiento psicológico de los trastornos de ansiedad

-д хадгалсан:
Номзүйн дэлгэрэнгүй
Үндсэн зохиолч: Echeburúa Odriozola, Enrique (Зохиогч)
Формат: Ном
Хэл сонгох:испани
Хэвлэсэн: Madrid Pirámide 1992
Цуврал:Colección psicología
Нөхцлүүд:
Шошгууд: Шошго нэмэх
Шошго байхгүй, Энэхүү баримтыг шошголох эхний хүн болох!

MARC

LEADER 00000nam a2200000 a 4500
001 UCW7596
003 CL-VaPUC
008 930513e19920000SP |||||||||||||||||spa|d
082 0 4 |a 616.8522  |b ECH  |2 21 
100 0 |a Echeburúa Odriozola, Enrique  |e author  |9 312793 
245 1 0 |a Avances en el tratamiento psicológico de los trastornos de ansiedad 
300 |a 270 p 
942 |c BK 
945 |d 19930513 00:00:00 
260 |a Madrid  |b Pirámide  |c 1992 
650 7 |a PSICOTERAPIA  |2 CL-VaPUC  |9 312794 
650 0 |a Ansiedad  |9 307519 
650 0 |a Aspectos psicológicos  |9 258128 
583 |a last modification  |c 19930513 00:00:00  |k Rodrigo Vera 
490 0 |a Colección psicología 
999 |c 220306  |d 220304 
952 |0 0  |1 0  |4 0  |6 616_852200000000000_ECH_1992  |7 0  |8 A  |9 212320  |a BIBEDU  |b BIBEDU  |c ES_NOD  |d 2019-11-15  |i 2805634  |o 616.8522 ECH 1992  |p 2805634  |r 2023-08-09  |w 2019-11-15  |y BK  |k EDU 
952 |0 0  |1 0  |4 0  |6 616_852200000000000_ECH_1992  |7 0  |8 A  |9 212321  |a BIBEDU  |b BIBEDU  |c ES_NOD  |d 2019-11-15  |i 2805944  |o 616.8522 ECH 1992  |p 2805944  |r 2023-08-09  |w 2019-11-15  |y BK  |k EDU 
952 |0 0  |1 0  |4 0  |6 616_852200000000000_ECH_1992  |7 0  |8 A  |9 212322  |a BIBEDU  |b BIBEDU  |c ES_NOD  |d 2019-11-15  |i 3805603  |l 1  |o 616.8522 ECH 1992  |p 3805603  |r 2023-08-09  |s 2023-08-04  |w 2019-11-15  |y BK  |k PSI